| 000 | 00822nas a2200277 4500 | ||
|---|---|---|---|
| 001 | BR9903309 | ||
| 003 | BR-BrBNA | ||
| 005 | 20231205101458.0 | ||
| 007 | ta | ||
| 008 | 230509b bl.|||p| |||| 00| 00por d | ||
| 040 |
_aBR-BrBNA _bpor _cBiblioteca Nacional de Agricultura |
||
| 041 | _a(Pt) | ||
| 072 | _aQ02 | ||
| 100 | 1 | _aLeonel, M. | |
| 100 | 1 | _aJackey, S. | |
| 100 | 1 | _aCereda, M.P. | |
| 245 | 1 | _aProcessamento industrial de fecula de mandioca e batata doce - um estudo de caso | |
| 650 | _aMandioca | ||
| 650 | _aFecula | ||
| 650 | _aBatata Doce | ||
| 650 | _aTecnologia de Alimento | ||
| 650 | _aRendimento | ||
| 773 | 0 |
_tCiencia e Tecnologia de Alimentos (Brazil) _xISSN 0101-2061 _g(Aug-Oct 1998), v. 18(3) p. 343-345 _wBR9903309 |
|
| 909 |
_a202311 _bLúcia _c55 _dLúcia Elande |
||
| 942 |
_2AGRIS _n0 _cANA |
||
| 999 |
_c162109 _d162109 |
||